| 000 | 03245nam a2200349 a 4500 | ||
|---|---|---|---|
| 003 | OSt | ||
| 005 | 20250701111413.0 | ||
| 007 | cr ||||||a|a|a | ||
| 008 | 250619s2025 mx a|||fom||| 001 0 spa d | ||
| 040 | _erda | ||
| 100 | 1 |
_aBautista Rivera, Nayeli _9190494 |
|
| 245 | 1 | 0 |
_a Evaluación de la efectividad biológica de distintos tratamientos insecticidas contra la mosquita blanca (Bemisia tabaci) en el cultivo del frijol (Phaseolus vulgaris L.) en Texcoco México/ _cpor Nayeli Bautista Rivera; director de tesis Jaime Alfredo Urzua Gutierrez; secretario Candelario Santillan Ortega; vocal Calixto Leopoldo Carrillo Fonseca; suplente José Manuel Pineda Rios; suplente Racien Hernández Hernández. |
| 264 | 1 |
_aChapingo, México : _bEl autor, _c2024. |
|
| 300 |
_a1 recurso en línea (61 páginas): _bcuadros, figuras. |
||
| 336 |
_2rdacontent _atexto _btxt |
||
| 337 |
_2rdamedia _acomputadora _bc |
||
| 338 |
_2rdacarrier _arecurso en línea _bcr |
||
| 502 |
_bIAEPA _cParasitología _d2024. _gLIC |
||
| 504 | _aIncluye referencias bibliográficas: páginas 46-52. | ||
| 520 | _aEl fríjol (Phaseolus vulgaris L.) es un alimento vital en la dieta global y su cultivo es significativo en México, donde se cosecharon más de 761,000 hectáreas en 2023. Sin embargo, la producción enfrenta serios problemas debido a la mosca blanca (Bemisia tabaci), una plaga que puede causar pérdidas de hasta el 50% en la producción. Esta plaga no solo daña las plantas al alimentarse de su savia, sino que también actúa como vector de virus, lo que incrementa la presión sobre los productores, quienes deben recurrir a insecticidas costosos, afectando su rentabilidad y sostenibilidad. El experimento realizado tuvo como objetivo evaluar la efectividad de diferentes insecticidas (Tierras Diatomeas, Malatión e Imidacloprid) en el control de la mosca blanca. Se realizó un muestreo previo para identificar las áreas más infestadas y se montó un diseño experimental con varias dosis de cada tratamiento, además de un testigo. Las aplicaciones se hicieron en dos fechas, y se evaluaron los resultados mediante el conteo de adultos. Los hallazgos del experimento pueden proporcionar a los productores alternativas más efectivas y menos costosas para el control de la mosca blanca, contribuyendo así a mejorar su producción y rentabilidad, al tiempo que se promueve el uso de métodos más sostenibles y amigables con el medio ambiente. Este enfoque integral es esencial para enfrentar los retos que plantea esta plaga y asegurar la sostenibilidad del cultivo de fríjol. | ||
| 650 | 4 |
_aBemisia Tabaci _xControl _9129811 |
|
| 650 | 4 |
_aInsecticidas _xAnálisis _958856 |
|
| 650 | 4 |
_aFrijol _xPlagas _943415 |
|
| 650 | 4 |
_aFrijol _xProducción _zMéxico _9128414 |
|
| 700 | 1 |
_aUrzúa Gutiérrez, Jaime Alfredo _edirector de tesis. _9117018 |
|
| 700 | 0 |
_aSantillán Ortega, Candelario _9102429 _esecretario. |
|
| 700 | 1 |
_aCarrillo Fonseca, Calixto _9164654 _evocal. |
|
| 700 | 1 |
_aPineda Rios, José Manuel _988174 _esuplente. |
|
| 700 | 1 |
_aHernández Hernández, Raciel _esuplente. _954159 |
|
| 856 |
_uhttp://10.13.5.2/tesis/tl/1710240-7_BAUTISTA_RIVERA_NAYELI.pdf _zDESCARGAR PDF |
||
| 942 |
_2Clasificación Universidad Autónoma Chapingo _cTD |
||
| 999 |
_c220651 _d220651 |
||